000 00406cam a22001337a 4500
008 180718b1998 xxu||||| |||| 00| 0 eng d
082 _aA81x54 91/24/PT3B
100 _aCensus of India 1991
245 _aTripura: economic tables
260 _aDelhi
_bThe Controller of Publications
_c1998
300 _a211+p.
440 _aCensus of India 1991. Series-24, Tripura. Part III-B
650 _aTripura - Census
999 _c488176
_d488176